000 00575 a2200169 4500
003 OSt
005 20250610135059.0
008 250528b |||||||| |||| 00| 0 eng d
020 _a9780670095421
040 _coclc
082 _a658.4062
_bSET/W
100 1 _aSeth, Nitin
_910551
245 _aWinning in the Digital Age:
_bSeven Building Blocks of Successful Digital Transformation /
_cNitin Seth
260 _aHaryana, India:
_bPenguin Enterprise,
_c2020.
300 _axxxiv, 510 pages
_c24 cm
942 _2ddc
_cBK
_h658.4062
_iSET/W
_k658.4062
_mSET/W
999 _c44563
_d44563